| 000 | 01250nam a22002295i 4500 | ||
|---|---|---|---|
| 001 | 160315 | ||
| 003 | ES-MaACL | ||
| 005 | 20250824074925.0 | ||
| 008 | 020219s1860 sp |||| | spa d | ||
| 040 |
_aCAM _bspa _cCAM |
||
| 100 | 1 |
_aMozo de Rosales, Emilio. _9130267 |
|
| 245 | 1 | 1 |
_a¿Quién es el padre? _b: comedia original en tres actos y en prosa / _cpor Emilio Mozo Rosales y Juan de la Puerta Vizcaino. |
| 260 |
_aMadrid : _b[s.n.], _c1860 ( _fImprenta de José Rodríguez) |
||
| 300 |
_a47 p. ; _c19 cm. |
||
| 490 | 1 | _aEl teatro: colección de obras dramáticas y líricas | |
| 500 | 1 | _aEn port.: Estrenada en el teatro del Príncipe, á beneficio del primer actor del género cómico D. Mariano Fernandez, el dia 14 de diciembre de 1859. | |
| 596 | 1 | _aAl v. de port. consta : "... Alonso Gullon, editor de la colección de obras dramáticas y líricas titulada El Teatro..." | |
| 700 | 1 | 1 |
_aPuerta Vizacaíno, Juan de la. _9131404 |
| 830 | 0 | 3 |
_aEl teatro: colección de obras dramática y líricas _9221753 |
| 852 |
_aES-MaACL _jF-8566(7) _z-- Enc. pasta española _q-- Falto de la cub. original _z.- Enc. en un vol facticio formando parte de la col. facticia "Teatro español moderno", vol. 19 |
||
| 999 |
_c160315 _d160315 |
||